How to service in the U.S.A. : an intensive American course for foreign students

Na minha lista:
Detalhes bibliográficos
Formato: Sách giấy
Idioma:English
Publicado em: : ,
Tags: Adicionar Tag
Sem tags, seja o primeiro a adicionar uma tag!
Thư viện lưu trữ: Thư viện Trường Đại học Đà Lạt
LEADER 00520nam a2200229 4500
001 DLU020016974
005 ##1/9/2001
020 # # |a 978- 
041 # # |a eng 
082 # # |a 428  |b UNI 
245 # # |a How to service in the U.S.A. :  |b an intensive American course for foreign students 
260 # # |a  :  |b , 
300 # # |a 134 tr.;   |c 24 cm. 
992 # # |a 13200 
994 # # |a DLU 
900 # # |a False 
911 # # |a Administrator 
925 # # |a G 
926 # # |a A 
927 # # |a SH 
980 # # |a Thư viện Trường Đại học Đà Lạt